[Event "Budapest op 4th"]
[Site "Budapest"]
[Date "2014.08.23"]
[Round "8"]
[White "Metaxasz, Vaszilisz"]
[Black "Yip, Michael"]
[Result "0-1"]
[WhiteElo "2062"]
[BlackElo "1916"]
[PlyCount "68"]
[EventDate "2014.08.16"]
[EventType "swiss"]
[EventRounds "9"]
[EventCountry "HUN"]
[SourceTitle "CBM 161 Extra"]
[Source "ChessBase"]
[SourceDate "2014.08.29"]
[SourceVersion "1"]
[SourceVersionDate "2014.08.29"]
[SourceQuality "1"]

1. c4 e6 2. g3 d5 3. Bg2 c6 4. Qc2 Nf6 5. Nf3 Nbd7 6. 0-0 Be7 7. b3 0-0 8. Bb2 b5 9. d3 Bb7 10. Nbd2 Qb6 11. a4 a5 12. Rab1 Rac8 13. e3 b4 14. Rbe1 c5 15. cxd5 exd5 16. e4 c4 17. dxc4 dxe4 18. Ng5 h6 19. Ngxe4 Rfe8 20. Nxf6+ Nxf6 21. Bxb7 Qxb7 22. Qf5 Red8 23. Ne4 Nxe4 24. Rxe4 Rc5 25. Re5 Rxe5 26. Qxe5 Bf6 27. Qxa5 Ra8 28. Qb5 Qxb5 29. cxb5 Bxb2 30. Re1 Kf8 31. Re4 Bc3 32. b6 Ra6 33. a5 Rxa5 34. Rc4 Rb5 0-1